000 00701naa a2200217 a 4500
001 81801
003 BD-RjUL
005 20231104124953.0
008 230829s1974 p ||||| |||| 00| 0 urd d
035 _a(BD-RjUL)81801
040 _aBD-RjUL
_beng
_cBD-RjUL
041 _aurd
082 _223
_a297.092
_bALM 1974
100 _a Ali, Muhammad Hashim ;; علی٫ محمد ہاشم
_98653
245 1 0 _aمیران جی شمس العشاق ;; Miran Ji Shamsul Ashak /
_cMuhammad Hashim Ali ;; محمد ہاشم علی
260 _ahaydrabad :
_bSalimar pub. ,
_c1974
300 _a104 cm.
_c22 cm
600 _aمیران جی شمس العشاق
_98654
650 _aBiography
942 _2ddc
_cBK
999 _c81801
_d81801